000 00653nam a2200277Ia 4500
005 20260324135659.0
008 008 260324s9999 xx 000 0 eng d
020 _a9781315039916
037 _aEBOOK
040 _aCRL
040 _beng
040 _cCRL
041 _2eng
041 _aeng
084 _qCRL
100 _aMaurizio Ferrera; Martin Rhodes
_91201498
245 0 _aRecasting European Welfare States
260 _bTaylor and Francis
260 _c2000
365 _a
365 _b150
856 _uhttp://www.taylorfrancis.com/books/9781315039916
942 _cEBOOK
999 _c1802849
_d1802849